[Event "?"]
[Site "ICS rated blitz match, 164.58"]
[Date "1997.??.??"]
[Round "?"]
[White "Brause"]
[Black "wangle"]
[Result "1-0"]
[WhiteElo "2345"]
[BlackElo "2035"]
[PlyCount "59"]

1. e4 e5 2. Nf3 Nc6 3. Nc3 Nf6 4. Nxe5 Nxe5 5. d4 Nc6 6. d5 Bb4 7. Bg5 h6 8.
Bf4 Nxe4 9. Qf3 Bxc3+ 10. bxc3 O-O 11. dxc6 Re8 12. cxd7 Qxd7 13. Be2 Qa4 14.
O-O Qxc2 15. Rfc1 Qa4 16. Bxc7 Nf6 17. Bd3 Qg4 18. Qxg4 Bxg4 19. Re1 Rac8 20.
Be5 Nd5 21. f3 Be6 22. Rab1 b6 23. Bb5 Red8 24. Rbc1 Rc5 25. a4 Bd7 26. c4 Bxb5
27. axb5 Nb4 28. Re4 a5 29. Bd4 Nd3 30. Rc3 1-0

[Event "?"]
[Site "ICS rated blitz match, 164.58"]
[Date "1997.??.??"]
[Round "?"]
[White "Brause"]
[Black "wangle"]
[Result "0-1"]
[WhiteElo "2350"]
[BlackElo "2030"]
[PlyCount "130"]

1. e4 e5 2. Nf3 Nc6 3. Nc3 Nf6 4. Nxe5 Nxe5 5. d4 Nc6 6. d5 Bb4 7. Bg5 h6 8.
Bf4 Nxe4 9. Qf3 O-O 10. dxc6 bxc6 11. Qxe4 Bxc3+ 12. bxc3 Re8 13. Be5 d5 14.
Qd4 f6 15. O-O-O fxe5 16. Qc5 Qd6 17. Qxd6 cxd6 18. c4 d4 19. c3 c5 20. Be2 Bf5
21. f3 Rab8 22. Bd3 Be6 23. Kc2 Rb6 24. Rb1 Reb8 25. Rxb6 Rxb6 26. a3 Kf7 27.
Rf1 g5 28. Rh1 a5 29. h4 g4 30. fxg4 Bxg4 31. Re1 a4 32. Rf1+ Kg7 33. Rb1 Rxb1
34. Kxb1 Kf6 35. cxd4 cxd4 36. Kc1 Bf5 37. Be2 e4 38. g4 Bd7 39. Bd1 Ke5 40.
Kd2 Be8 41. Bc2 Kf4 42. Bd1 Bd7 43. g5 hxg5 44. hxg5 Kxg5 45. Bc2 Kf4 46. Ke2
d3+ 47. Bxd3 exd3+ 48. Kxd3 Ke5 49. Kc3 Bf5 50. Kb4 Kd4 51. Kb5 Bd7+ 52. Kb4
Be8 53. Ka5 Kxc4 54. Kb6 d5 55. Kc7 d4 56. Kd6 d3 57. Ke7 d2 58. Kxe8 d1=Q 59.
Ke7 Qe2+ 60. Kf6 Kd5 61. Kf7 Qe6+ 62. Kf8 Qd7 63. Kg8 Ke6 64. Kh8 Kf6 65. Kg8
Qg7# 0-1

[Event "?"]
[Site "ICS rated blitz match, 164.58"]
[Date "1997.??.??"]
[Round "?"]
[White "Brause"]
[Black "oldtimer"]
[Result "0-1"]
[WhiteElo "2335"]
[BlackElo "2200"]
[PlyCount "220"]

1. e4 e5 2. Nf3 Nc6 3. Nc3 Nf6 4. Nxe5 Nxe5 5. d4 Ng6 6. e5 Ng8 7. Bc4 d5 8.
Bxd5 c6 9. Be4 f5 10. Bf3 Bb4 11. O-O N8e7 12. Na4 O-O 13. c3 Ba5 14. b4 Bb6
15. Qb3+ Kh8 16. Nxb6 axb6 17. Bg5 h6 18. Bc1 b5 19. Re1 Nd5 20. Qc2 Be6 21.
Bd2 Nb6 22. g3 Ra4 23. Bc1 Qd7 24. Bh5 Ne7 25. Bf3 Rfa8 26. a3 Nc4 27. Qd3 Nxa3
28. Bd1 R4a6 29. Bf3 Nc4 30. Rxa6 Rxa6 31. Bg2 Nb6 32. Qc2 Ra2 33. Qd1 Qe8 34.
Qd3 Ra1 35. Qc2 Qa8 36. Qd3 Qa2 37. Bd2 Rxe1+ 38. Bxe1 Bd5 39. f3 Bc4 40. Qe3
Nbd5 41. Qc1 Bd3 42. Bd2 Qb1 43. Qxb1 Bxb1 44. Bf1 Ba2 45. Bd3 Nb6 46. Kf2 Bc4
47. Bc2 Be6 48. Bd3 Kg8 49. Ke1 Kf7 50. Kd1 Bd5 51. Ke2 Bb3 52. Be3 Na4 53. Kd2
Ke6 54. Bc2 Bxc2 55. Kxc2 Nd5 56. Bd2 Nab6 57. Kd3 Nc4 58. Be1 Nc7 59. Bf2 Kd5
60. Kc2 Ne6 61. Kd3 h5 62. Bg1 g5 63. Bf2 g4 64. f4 b6 65. Be1 c5 66. Bf2 Na3
67. dxc5 bxc5 68. Bxc5 Nxc5+ 69. bxc5 Kxc5 70. Kd2 Kd5 71. Ke2 Nc4 72. Kd1 Nb6
73. Kd2 Nd7 74. Kc2 Nc5 75. Kb2 Ne6 76. Kc1 Kc4 77. Kd2 Nc5 78. Kc2 Kd5 79. Kb2
Ne6 80. Kc1 Kc4 81. Kd2 b4 82. cxb4 Kxb4 83. Kd3 Kb3 84. Kd2 Kc4 85. Ke3 Kc3
86. Kf2 Kd2 87. Kg2 Ke2 88. Kg1 Kf3 89. Kf1 h4 90. gxh4 Kxf4 91. Kg1 Kxe5 92.
Kg2 f4 93. Kf2 Ng7 94. Kf1 Kd4 95. Kf2 Ke4 96. h5 Nxh5 97. Ke2 f3+ 98. Kf2 Kf4
99. Ke1 Ke3 100. Kd1 Kd3 101. Ke1 Nf6 102. Kf2 Ne4+ 103. Kf1 Kd2 104. h4 g3
105. h5 Ng5 106. Kg1 Ke2 107. Kh1 Kf1 108. h6 f2 109. h7 Nf3 110. h8=Q g2# 0-1

[Event "?"]
[Site "ICS rated blitz match, 164.58"]
[Date "1997.??.??"]
[Round "?"]
[White "Brause"]
[Black "oldtimer"]
[Result "0-1"]
[WhiteElo "2295"]
[BlackElo "2240"]
[PlyCount "156"]

1. e4 e5 2. Nf3 Nc6 3. Nc3 Nf6 4. Nxe5 Nxe5 5. d4 Ng6 6. e5 Ng8 7. Bc4 d5 8.
Bxd5 c6 9. Be4 f5 10. Bf3 Bb4 11. O-O N8e7 12. Na4 O-O 13. c3 Ba5 14. b4 Bb6
15. Qb3+ Kh8 16. Nxb6 axb6 17. Qc2 b5 18. Bg5 h6 19. Bd2 Be6 20. g3 Ra4 21. h4
Nd5 22. Rfe1 Nb6 23. Be3 Qd7 24. h5 Ne7 25. Bc1 Rfa8 26. a3 Nc4 27. Bg2 Nxa3
28. Qe2 Nc4 29. Rxa4 bxa4 30. Qd3 b5 31. Bf4 a3 32. Ra1 a2 33. Qe2 Nb6 34. Qc2
Qa7 35. Qc1 Kh7 36. Qc2 Qa4 37. Qc1 Qa3 38. Qc2 Qb3 39. Qc1 Bd5 40. f3 Nc4 41.
Kh2 Qb2 42. Qxb2 Nxb2 43. Bc1 Nd1 44. Bd2 Ra3 45. Rxd1 a1=Q 46. Rxa1 Rxa1 47.
Kh3 Ra2 48. Bf4 Rc2 49. Be3 Rxc3 50. Bd2 Rd3 51. Be1 Rd1 52. Bf2 Rb1 53. Kh2
Rxb4 54. Kh3 Rb3 55. Be1 b4 56. Bd2 Rb2 57. Be1 Kg8 58. e6 Kf8 59. Bf1 Bxf3 60.
g4 Bxg4+ 61. Kg3 Nd5 62. Bc4 Ke7 63. Bf2 Bxh5 64. Ba6 g5 65. Bb7 f4+ 66. Kh2
Rxf2+ 67. Kg1 Rc2 68. Ba6 Ne3 69. d5 cxd5 70. Bd3 Rd2 71. Bb5 g4 72. Ba4 g3 73.
Bb3 Bg4 74. Ba4 h5 75. Bb3 h4 76. Ba4 h3 77. Bb3 Bf3 78. Bxd5 h2# 0-1

[Event "?"]
[Site "ICS rated blitz match, 164.58"]
[Date "1997.??.??"]
[Round "?"]
[White "Brause"]
[Black "oldtimer"]
[Result "1-0"]
[WhiteElo "2285"]
[BlackElo "2250"]
[PlyCount "99"]

1. e4 e5 2. Nf3 Nc6 3. Nc3 Nf6 4. Nxe5 Nxe5 5. d4 Ng6 6. e5 Ng8 7. Bc4 d5 8.
Bxd5 c6 9. Be4 f5 10. Bf3 Bb4 11. O-O N8e7 12. Ne2 Be6 13. c3 Ba5 14. Bg5 O-O
15. g3 Qd7 16. Bg2 h6 17. Bd2 Bd5 18. Bxd5+ cxd5 19. Be3 Rf7 20. Qd3 Qe6 21.
Rad1 a6 22. Rfe1 Raf8 23. Bd2 Bd8 24. Rc1 f4 25. Bxf4 Nxf4 26. Nxf4 Rxf4 27.
gxf4 Ng6 28. f5 Rxf5 29. Rc2 Nf4 30. Qf3 Ng6 31. Qd1 Nh4 32. Kh1 Nf3 33. Re3
Nh4 34. Qg4 g5 35. Rh3 Kh7 36. Rg3 Ng6 37. Re3 Nf4 38. Qf3 Qg6 39. Rd2 g4 40.
Qg3 Ne6 41. Rd1 Bg5 42. Red3 Nf4 43. R3d2 Nh3 44. Re2 Bh4 45. Qxh4 Qg5 46. Qxg5
Nxg5 47. e6 Rf8 48. e7 Re8 49. c4 Nf7 50. cxd5 1-0

[Event "?"]
[Site "ICS rated blitz match, 164.58"]
[Date "1997.??.??"]
[Round "?"]
[White "Brause"]
[Black "NeverMore"]
[Result "1/2-1/2"]
[WhiteElo "2290"]
[BlackElo "1625"]
[PlyCount "127"]

1. e4 e5 2. Nf3 Nc6 3. Nc3 Nf6 4. Nxe5 Nxe5 5. d4 Ng6 6. e5 Ng8 7. Bc4 d5 8.
Bxd5 Be6 9. Bxb7 Rb8 10. Bc6+ Bd7 11. Bf3 Bb4 12. O-O N8e7 13. Ne2 O-O 14. c3
Ba5 15. b4 Bb6 16. c4 c6 17. c5 Bc7 18. a3 a5 19. bxa5 Bxa5 20. Be3 Nd5 21. Rb1
Qc7 22. Qd3 Nge7 23. Be4 Ng6 24. Rxb8 Rxb8 25. Rb1 Be6 26. Rxb8+ Qxb8 27. Bd2
Bxd2 28. Qxd2 Qb3 29. Qd3 Qb2 30. g3 Bh3 31. Qc2 Qa1+ 32. Qc1 Qxc1+ 33. Nxc1
Nge7 34. Ne2 h6 35. a4 Kf8 36. a5 Bc8 37. Kg2 Ke8 38. h4 Kd8 39. Bd3 Nb4 40.
Bb1 Kc7 41. Nc1 Be6 42. Kf3 Kb7 43. Nd3 Ned5 44. Nxb4 Nxb4 45. Be4 Ka6 46. Ke3
Kxa5 47. Kd2 Nd5 48. Bd3 Kb4 49. f3 Nc7 50. f4 g6 51. h5 gxh5 52. f5 Bd5 53.
Be2 Be4 54. Bxh5 Bxf5 55. Bxf7 Be6 56. Bg6 Kc4 57. Ke3 Nd5+ 58. Ke4 Nc3+ 59.
Ke3 Nd5+ 60. Ke4 Ne7 61. Bh7 Bd5+ 62. Ke3 Be6 63. Ke4 Nd5 64. Bg6 1/2-1/2

[Event "?"]
[Site "ICS rated blitz match, 164.58"]
[Date "1997.??.??"]
[Round "?"]
[White "Brause"]
[Black "oldtimer"]
[Result "0-1"]
[WhiteElo "2300"]
[BlackElo "2270"]
[PlyCount "190"]

1. e4 e5 2. Nf3 Nc6 3. Nc3 Nf6 4. Nxe5 Nxe5 5. d4 Ng6 6. e5 Ng8 7. Bc4 d5 8.
Bxd5 c6 9. Be4 f5 10. Bf3 Bb4 11. O-O N8e7 12. Na4 O-O 13. c3 Ba5 14. b4 Bb6
15. Nxb6 axb6 16. Bg5 h6 17. Qb3+ Kh8 18. Bc1 b5 19. Re1 Nd5 20. Qc2 Be6 21.
Bd2 Nb6 22. g3 Qd7 23. Bh5 Ne7 24. Bf3 Ra6 25. Bg2 Rfa8 26. a3 Nc4 27. Bc1 Nxa3
28. Qe2 Qe8 29. Rd1 Nc4 30. Rxa6 Rxa6 31. Re1 Nb6 32. Qd3 Ra1 33. Qc2 Qa8 34.
Qd3 Qa2 35. Bd2 Bc4 36. Qe3 Nbd5 37. Rxa1 Qxa1+ 38. Qe1 Qxe1+ 39. Bxe1 Nb6 40.
Bd2 Kg8 41. h4 Kf7 42. Bf3 Na4 43. Kh2 Bd3 44. Kg1 Ke6 45. h5 Nd5 46. Bxd5+
Kxd5 47. f3 Be2 48. Kf2 Bd1 49. Kg2 Nb6 50. Bf4 Na8 51. Kf2 Nc7 52. Be3 Ne6 53.
Bc1 Kc4 54. Bd2 Kd3 55. Be1 Ng5 56. f4 Ne4+ 57. Kf1 Be2+ 58. Kg2 Bxh5 59. Kf1
Bf7 60. g4 fxg4 61. f5 h5 62. e6 Be8 63. Kg2 Ke2 64. Bh4 Nd6 65. f6 gxf6 66.
Bxf6 Nf5 67. Be5 h4 68. Bf6 h3+ 69. Kh2 Kf2 70. Be5 Ne3 71. Bg3+ Kf3 72. Bb8
Nd5 73. Bg3 Bg6 74. Bh4 Nxc3 75. Be1 Nd5 76. e7 Nxe7 77. Bg3 Nd5 78. Bh4 Bf5
79. Be1 Ne3 80. Bg3 Nf1+ 81. Kg1 Nxg3 82. d5 cxd5 83. Kh2 Bd3 84. Kg1 Bf1 85.
Kh2 Ne2 86. Kh1 Kf2 87. Kh2 Nd4 88. Kh1 Be2 89. Kh2 Bd3 90. Kh1 Kf3 91. Kh2 Bc4
92. Kg1 g3 93. Kh1 Ke2 94. Kg1 Nf3+ 95. Kh1 g2# 0-1

[Event "?"]
[Site "ICS rated blitz match, 164.58"]
[Date "1997.??.??"]
[Round "?"]
[White "Brause"]
[Black "oldtimer"]
[Result "0-1"]
[WhiteElo "2290"]
[BlackElo "2280"]
[PlyCount "232"]

1. e4 e5 2. Nf3 Nc6 3. Nc3 Nf6 4. Nxe5 Nxe5 5. d4 Ng6 6. e5 Ng8 7. Bc4 d5 8.
Bxd5 c6 9. Be4 f5 10. Bf3 Bb4 11. O-O N8e7 12. Na4 O-O 13. c3 Ba5 14. b4 Bb6
15. Nxb6 axb6 16. Bg5 h6 17. Qb3+ Kh8 18. Bc1 b5 19. Re1 Nd5 20. Qc2 Be6 21.
Bd2 Nb6 22. g3 Qd7 23. Be3 Ra6 24. Bc1 Rfa8 25. a3 Nc4 26. Bg2 Nxa3 27. Qe2 Kh7
28. Qh5 Qf7 29. Bf1 Ne7 30. Qd1 Nc4 31. Rxa6 Rxa6 32. Qc2 Kh8 33. Bg2 Nb6 34.
Qd3 Qe8 35. Qb1 Ba2 36. Qd3 Bc4 37. Qd1 Ra1 38. Qd2 Qa8 39. Qe3 Nbd5 40. Bb2
Rxe1+ 41. Qxe1 Qa2 42. Qc1 Bd3 43. Bf3 Nb6 44. Qa1 Qxa1+ 45. Bxa1 Nc4 46. Bh5
Kg8 47. Bd1 Nd5 48. Bb3 Ndb6 49. f3 Kf7 50. h3 Ke7 51. Ba2 Bc2 52. Kf2 Bd1 53.
Bb1 Ke6 54. Bd3 g6 55. g4 h5 56. Bb1 Nd5 57. Bd3 Ne7 58. gxh5 gxh5 59. Bxc4+
bxc4 60. Bb2 f4 61. Bc1 Kf5 62. Bb2 Nd5 63. Ba1 Kg5 64. Bb2 Nc7 65. Kg2 Ne6 66.
Bc1 Nc7 67. Bb2 Nd5 68. Kf2 Bc2 69. Kg2 Bf5 70. Kh2 Kh4 71. Bc1 Bxh3 72. Bd2
Bf5 73. Kg2 Be6 74. Kf2 Kg5 75. Ke2 Ne7 76. Kf2 Nf5 77. Bc1 Nh4 78. b5 cxb5 79.
Ba3 Nf5 80. Bc5 Bd5 81. Bf8 Kg6 82. Ba3 Nh4 83. Bd6 Kf5 84. e6 Bxe6 85. Be7 Ng6
86. Bd6 Bd5 87. Kf1 Bxf3 88. Bc5 Bd5 89. Kg1 Kg4 90. Ba3 Kg3 91. Bc1 Nh4 92.
Kf1 Ng2 93. Ba3 h4 94. Bd6 h3 95. Ke2 h2 96. Kd2 h1=Q 97. Bxf4+ Kxf4 98. Kc2
Ne1+ 99. Kb1 Qg2 100. Ka1 Qd2 101. Kb1 Qxc3 102. Ka2 b4 103. Kb1 Ke4 104. Ka2
Kxd4 105. Kb1 Nd3 106. Ka2 Qa1+ 107. Kxa1 Kc3 108. Ka2 Kc2 109. Ka1 Kb3 110.
Kb1 c3 111. Ka1 Ka3 112. Kb1 b3 113. Ka1 Bc6 114. Kb1 Ba4 115. Ka1 b2+ 116. Kb1
c2# 0-1

[Event "?"]
[Site "ICS rated blitz match, 164.58"]
[Date "1997.??.??"]
[Round "?"]
[White "Brause"]
[Black "oldtimer"]
[Result "0-1"]
[WhiteElo "2285"]
[BlackElo "2285"]
[PlyCount "166"]

1. e4 e5 2. Nf3 Nc6 3. Nc3 Nf6 4. Nxe5 Nxe5 5. d4 Ng6 6. e5 Ng8 7. Bc4 d5 8.
Bxd5 c6 9. Be4 f5 10. Bf3 Bb4 11. O-O N8e7 12. Na4 O-O 13. c3 Ba5 14. b4 Bb6
15. Nxb6 axb6 16. Bg5 h6 17. Qb3+ Kh8 18. Bc1 b5 19. Re1 Nd5 20. Qc2 Be6 21.
Bd2 Nb6 22. g3 Qd7 23. Re2 Ra6 24. Bc1 Rfa8 25. Qb1 Ne7 26. Rb2 Bd5 27. Bxd5
Nexd5 28. Rc2 f4 29. Bxf4 Nxf4 30. gxf4 Qg4+ 31. Kf1 Nd5 32. Qd1 Qh3+ 33. Kg1
Nxf4 34. f3 Qe6 35. Qd2 Rf8 36. Rf1 Qc4 37. Rb1 Raa8 38. Kf2 Rf5 39. Rd1 Raf8
40. h4 Qd5 41. Rf1 Nh3+ 42. Kg2 Rxf3 43. Rxf3 Qxf3+ 44. Kh2 Nf2 45. Qxf2 Qxf2+
46. Rxf2 Rxf2+ 47. Kg3 Rxa2 48. Kf3 Kg8 49. Kf4 Kf7 50. Kf5 g6+ 51. Kf4 Ke6 52.
Kg4 Rc2 53. h5 g5 54. Kf3 Kf5 55. Ke3 Rxc3+ 56. Ke2 g4 57. d5 cxd5 58. e6 Kxe6
59. Kf2 Ke5 60. Ke2 Kd4 61. Kd2 Rh3 62. Ke2 Rxh5 63. Kf2 Rh3 64. Ke2 Rd3 65.
Kf1 Rd2 66. Ke1 Ke3 67. Kf1 Re2 68. Kg1 Rf2 69. Kh1 h5 70. Kg1 h4 71. Kh1 Kf3
72. Kg1 g3 73. Kh1 d4 74. Kg1 d3 75. Kh1 d2 76. Kg1 d1=N 77. Kh1 Nc3 78. Kg1
Ne2+ 79. Kh1 Nd4 80. Kg1 Kg4 81. Kh1 h3 82. Kg1 Nf3+ 83. Kh1 g2# 0-1

[Event "?"]
[Site "ICS rated blitz match, 164.58"]
[Date "1997.??.??"]
[Round "?"]
[White "Brause"]
[Black "oldtimer"]
[Result "1-0"]
[WhiteElo "2275"]
[BlackElo "2295"]
[PlyCount "159"]

1. e4 e5 2. Nf3 Nc6 3. Nc3 Nf6 4. Nxe5 Nxe5 5. d4 Ng6 6. e5 Ng8 7. Bc4 d5 8.
Bxd5 c6 9. Be4 f5 10. Bf3 Bb4 11. O-O N8e7 12. Ne2 Be6 13. c3 Ba5 14. Bg5 h6
15. Bxe7 Nxe7 16. Nf4 Qd7 17. b4 Bc7 18. b5 O-O 19. bxc6 bxc6 20. g3 Bc4 21.
Be2 Bxe2 22. Qxe2 Nd5 23. Qc4 Kh7 24. Nd3 Bb6 25. Rae1 Rae8 26. Nb2 f4 27. Qd3+
Qf5 28. c4 Nc7 29. Qxf5+ Rxf5 30. c5 Ba5 31. Rd1 Nd5 32. Nc4 Bc7 33. Nd6 Bxd6
34. cxd6 Nc3 35. d7 Rd8 36. e6 Nd5 37. Rfe1 Ne7 38. Re5 g6 39. Rxf5 gxf5 40.
gxf4 Kg7 41. Kg2 Kf6 42. Re1 Nd5 43. Kf3 Ke7 44. Rc1 Kd6 45. Re1 Ke7 46. Rc1
Kxe6 47. Rxc6+ Kxd7 48. Rxh6 Rb8 49. Ra6 Rb7 50. h4 Ke7 51. h5 Kf7 52. Ra5 Rd7
53. a3 Kg7 54. Ra6 Nb6 55. a4 Nc8 56. Rg6+ Kh7 57. Rf6 Ne7 58. a5 Kg7 59. Re6
Ng8 60. Re5 Kf6 61. Ke3 Ne7 62. Rb5 Rd5 63. Rb7 Rxa5 64. h6 Ra3+ 65. Kd2 Rh3
66. Rxa7 Rxh6 67. Ra6+ Kg7 68. Rxh6 Kxh6 69. Kd3 Kg7 70. Kc4 Kf7 71. d5 Nc8 72.
Kc5 Ke7 73. Kc6 Nd6 74. Kc7 Ne8+ 75. Kc6 Kd8 76. d6 Nf6 77. f3 Nh5 78. d7 Nxf4
79. Kd6 Ng2 80. f4 1-0

[Event "?"]
[Site "ICS rated blitz match, 164.58"]
[Date "1997.??.??"]
[Round "?"]
[White "Brause"]
[Black "BauttuaB"]
[Result "1-0"]
[WhiteElo "2295"]
[BlackElo "2200"]
[PlyCount "33"]

1. e4 e5 2. Nf3 Nc6 3. Nc3 Nf6 4. Nxe5 Nxe5 5. d4 Ng6 6. e5 Ng8 7. Bc4 Bb4 8.
Qf3 Qe7 9. O-O Bxc3 10. bxc3 c6 11. a4 b6 12. Ba3 Nh4 13. Qg4 Nh6 14. Qxg7 Rg8
15. Qxh6 Rxg2+ 16. Kh1 Qg5 17. Qf8# 1-0

[Event "?"]
[Site "ICS rated blitz match, 164.58"]
[Date "1997.??.??"]
[Round "?"]
[White "Brause"]
[Black "BauttuaB"]
[Result "1-0"]
[WhiteElo "2310"]
[BlackElo "2185"]
[PlyCount "42"]

1. e4 e5 2. Nf3 Nc6 3. Nc3 Nf6 4. Nxe5 Nxe5 5. d4 Ng6 6. e5 Ng8 7. Bc4 Bb4 8.
Qf3 d5 9. Bxd5 Be6 10. Bxe6 fxe6 11. Qxb7 Bxc3+ 12. bxc3 N8e7 13. O-O O-O 14.
Bg5 Qd7 15. Rab1 h6 16. Bxe7 Nxe7 17. Qb4 Nd5 18. Qc5 Qf7 19. Rb7 Qg6 20. g3
Qg4 21. Qc6 Qe2 1-0

[Event "?"]
[Site "ICS rated blitz match, 164.58"]
[Date "1997.??.??"]
[Round "?"]
[White "Brause"]
[Black "oldtimer"]
[Result "0-1"]
[WhiteElo "2315"]
[BlackElo "2285"]
[PlyCount "140"]

1. e4 e5 2. Nf3 Nc6 3. Nc3 Nf6 4. Nxe5 Nxe5 5. d4 Ng6 6. e5 Ng8 7. Bc4 d5 8.
Bxd5 c6 9. Be4 f5 10. Bf3 Bb4 11. O-O N8e7 12. Na4 O-O 13. c3 Ba5 14. b4 Bb6
15. Nxb6 axb6 16. Bg5 h6 17. Qb3+ Kh8 18. Bc1 b5 19. Re1 Nd5 20. Qc2 Be6 21.
Bd2 Nb6 22. Bh5 Ne7 23. Bf3 Qd7 24. Red1 Ra6 25. g3 Rfa8 26. Bg2 Rxa2 27. Rxa2
Rxa2 28. Qb1 Bc4 29. Qc1 Kh7 30. Re1 Qe6 31. Be3 Bd3 32. Rd1 Bc2 33. Re1 Qb3
34. Bd2 Qb2 35. Qxb2 Rxb2 36. Bc1 Rb1 37. Bd2 Rxe1+ 38. Bxe1 Bb3 39. Bf1 Bc4
40. h4 Bxf1 41. Kxf1 Kg6 42. Ke2 Ned5 43. Kd3 Na4 44. Bd2 Kh5 45. Kc2 Kg4 46.
Kd3 Kf3 47. Be1 Nb2+ 48. Kd2 Nc7 49. Kc2 Nc4 50. Kd3 Ne6 51. h5 Nc7 52. g4 fxg4
53. Kc2 Ke2 54. d5 cxd5 55. f3 Kxe1 56. fxg4 Ke2 57. e6 Nxe6 58. Kc1 Nf4 59.
Kc2 Nd3 60. Kb3 Kd2 61. Ka2 Kxc3 62. Ka1 Kxb4 63. g5 Ka3 64. Kb1 Ne3 65. gxh6
gxh6 66. Ka1 b4 67. Kb1 b3 68. Ka1 Nd1 69. Kb1 Nc3+ 70. Ka1 b2# 0-1

[Event "?"]
[Site "ICS rated blitz match, 164.58"]
[Date "1997.??.??"]
[Round "?"]
[White "Brause"]
[Black "oldtimer"]
[Result "0-1"]
[WhiteElo "2305"]
[BlackElo "2295"]
[PlyCount "178"]

1. e4 e5 2. Nf3 Nc6 3. Nc3 Nf6 4. Nxe5 Nxe5 5. d4 Ng6 6. e5 Ng8 7. Bc4 d5 8.
Bxd5 c6 9. Be4 f5 10. Bf3 Bb4 11. O-O N8e7 12. Na4 O-O 13. c3 Ba5 14. b4 Bb6
15. Nxb6 axb6 16. Bg5 h6 17. Qb3+ Kh8 18. Bc1 b5 19. Re1 Nd5 20. Qc2 Be6 21.
Bd2 Nb6 22. Bh5 Ne7 23. Bf3 Ra6 24. Bc1 Qd7 25. g3 Rfa8 26. a3 Nc4 27. Bg2 Nxa3
28. Qd1 Qe8 29. Qe2 Nc4 30. Rxa6 Rxa6 31. Qc2 Nb6 32. Qb1 Ba2 33. Qc2 Bc4 34.
Qb1 Qf7 35. Bd2 Qe6 36. Qd1 Ra2 37. Qc1 Bb3 38. Rf1 Bc2 39. f3 Qb3 40. Rf2 Qb1
41. Bf1 Qxc1 42. Bxc1 Bb3 43. Rxa2 Bxa2 44. Bd3 Kg8 45. Kf2 Kf7 46. Ke2 Bc4 47.
Bd2 Na4 48. Bxc4+ bxc4 49. Kd1 Nd5 50. Kc2 h5 51. Be1 f4 52. gxf4 Nxf4 53. Bd2
Nd5 54. Be1 Ke6 55. Bd2 Kf5 56. h4 b5 57. Be1 Kf4 58. Bd2+ Kxf3 59. Be1 Nc7 60.
Kd1 Nb6 61. Bd2 Ne6 62. Kc2 Ke2 63. Bc1 Nd5 64. Bb2 g5 65. hxg5 Nxg5 66. Bc1
Ne6 67. Kb2 h4 68. Kc2 h3 69. Bb2 h2 70. Bc1 h1=Q 71. Kb2 Qd1 72. Bh6 Qd2+ 73.
Bxd2 Kxd2 74. Kb1 Nxc3+ 75. Kb2 Nd5 76. Kb1 Nxd4 77. e6 Nxe6 78. Kb2 Nxb4 79.
Ka3 Nd3 80. Ka2 b4 81. Ka1 Kc2 82. Ka2 Nd4 83. Ka1 Kb3 84. Kb1 Ne2 85. Ka1 Ka3
86. Kb1 b3 87. Ka1 c5 88. Kb1 Nc3+ 89. Ka1 b2# 0-1

[Event "?"]
[Site "ICS rated blitz match, 164.58"]
[Date "1997.??.??"]
[Round "?"]
[White "Brause"]
[Black "BarnieBoy"]
[Result "1-0"]
[WhiteElo "2305"]
[BlackElo "1940"]
[PlyCount "33"]

1. e4 e5 2. Nf3 Nc6 3. Nc3 Nf6 4. Nxe5 Nxe5 5. d4 Nc6 6. d5 Nb8 7. e5 Ng8 8. d6
cxd6 9. exd6 Qf6 10. Nb5 Na6 11. Bc4 Kd8 12. O-O Nh6 13. Bd2 b6 14. Qe2 Nf5 15.
Bc3 Qg6 16. Bd3 Qe6 17. Qf3 1-0

[Event "?"]
[Site "ICS rated blitz match, 164.58"]
[Date "1997.??.??"]
[Round "?"]
[White "Brause"]
[Black "Kyrin"]
[Result "1-0"]
[WhiteElo "2305"]
[BlackElo "1705"]
[PlyCount "90"]

1. e4 e5 2. Nf3 Nf6 3. Nc3 Nc6 4. Nxe5 Nxe5 5. d4 Bb4 6. dxe5 Nxe4 7. Qg4 Nxc3
8. Qxb4 Nd5 9. Qg4 O-O 10. Bh6 g6 11. Bxf8 Qxf8 12. O-O-O Nb4 13. Qc4 c6 14.
Kb1 b5 15. Qd4 a5 16. f4 Nd5 17. Bxb5 Rb8 18. Bc4 Qb4 19. Bxd5 cxd5 20. Qxb4
Rxb4 21. g3 Bb7 22. Rd3 Kf8 23. Rhd1 Rb5 24. Kc1 Bc6 25. Rc3 Ke7 26. Rd4 h5 27.
a4 Rb7 28. b3 Ra7 29. Kd2 Ke6 30. Ke3 Rb7 31. Rc5 Ra7 32. Rd3 Ra8 33. Kd4 Ra7
34. h3 Ra8 35. Rf3 Ra7 36. Rfc3 Ra8 37. Rxc6+ dxc6 38. Rxc6+ Kd7 39. Kxd5 Ra7
40. e6+ fxe6+ 41. Rxe6 Rc7 42. c4 Rb7 43. Rxg6 Rxb3 44. Rg7+ Ke8 45. c5 Kd8 1-0

[Event "?"]
[Site "ICS rated blitz match, 164.58"]
[Date "1997.??.??"]
[Round "?"]
[White "Brause"]
[Black "reallywaki"]
[Result "1-0"]
[WhiteElo "2305"]
[BlackElo "2825"]
[PlyCount "125"]

1. e4 e5 2. Nf3 Nc6 3. Nc3 Nf6 4. Nxe5 Nxe5 5. d4 Nc6 6. d5 Bb4 7. Bg5 Bxc3+ 8.
bxc3 O-O 9. dxc6 dxc6 10. Qxd8 Rxd8 11. Bd3 h6 12. Bxf6 gxf6 13. f4 Be6 14. f5
Bc8 15. Kf2 b6 16. Rad1 Bb7 17. Rd2 Rd6 18. Rhd1 Rad8 19. Ke3 c5 20. g4 c4 21.
Bxc4 Rxd2 22. Rxd2 Rxd2 23. Kxd2 Bxe4 24. Bd3 Bd5 25. a3 c5 26. Ke3 Kf8 27. Be4
Ba2 28. Kd3 Ke7 29. c4 Kd6 30. Kc3 Ke5 31. Bd3 Kf4 32. Kb2 Kxg4 33. Bf1 Kxf5
34. Kxa2 Ke4 35. Bd3+ Ke5 36. Kb3 f5 37. Kc3 f4 38. Kd2 Kd4 39. c3+ Ke5 40. Bc2
Kf6 41. Kd3 Kg5 42. Ke4 Kg4 43. Bd1+ Kh3 44. Kxf4 Kxh2 45. Bh5 f6 46. Kf5 Kg3
47. Kxf6 Kf4 48. Be8 Ke3 49. Bb5 Kd3 50. Kg6 Kxc3 51. Kxh6 Kb3 52. a4 a6 53.
Bxa6 Kxa4 54. Bb5+ Kb4 55. Kg5 Kc3 56. Kf6 Kd4 57. Ke6 Ke4 58. Kd7 Ke5 59. Kc7
Ke6 60. Kxb6 Kd6 61. Be8 Ke7 62. Kxc5 Kxe8 63. Kc6 1-0

[Event "?"]
[Site "ICS rated blitz match, 164.58"]
[Date "1997.??.??"]
[Round "?"]
[White "Brause"]
[Black "peos"]
[Result "1-0"]
[WhiteElo "2295"]
[BlackElo "2700"]
[PlyCount "23"]

1. e4 e5 2. Nf3 Nc6 3. Nc3 Nf6 4. Nxe5 Nxe5 5. d4 d6 6. dxe5 dxe5 7. Qxd8+ Kxd8
8. Bg5 Be7 9. O-O-O+ Nd7 10. Bxe7+ Kxe7 11. Nd5+ Ke6 12. Nxc7+ 1-0

[Event "?"]
[Site "ICS rated blitz match, 164.58"]
[Date "1997.??.??"]
[Round "?"]
[White "Brause"]
[Black "dogboy"]
[Result "1-0"]
[WhiteElo "2290"]
[BlackElo "2610"]
[PlyCount "39"]

1. e4 e5 2. Nf3 Nc6 3. Nc3 Nf6 4. Nxe5 Nxe5 5. d4 Nc6 6. d5 Ne5 7. f4 Ng6 8. e5
Ng8 9. d6 cxd6 10. exd6 Qb6 11. Qe2+ Kd8 12. f5 Nf4 13. Qg4 Nxg2+ 14. Bxg2 Qxd6
15. Bg5+ Nf6 16. Bxf6+ Qxf6 17. O-O-O Be7 18. Kb1 Qg5 19. Qf3 h6 20. Nd5 1-0

[Event "?"]
[Site "ICS rated blitz match, 164.58"]
[Date "1997.??.??"]
[Round "?"]
[White "Brause"]
[Black "Pomme"]
[Result "1-0"]
[WhiteElo "2290"]
[BlackElo "2715"]
[PlyCount "23"]

1. e4 e5 2. Nf3 Nc6 3. Nc3 Nf6 4. Nxe5 Nxe5 5. d4 Ng6 6. e5 Ng8 7. Bc4 Bb4 8.
Qf3 Qe7 9. O-O Bxc3 10. bxc3 h5 11. Ba3 d6 12. exd6 1-0

[Event "?"]
[Site "ICS rated blitz match, 164.58"]
[Date "1997.??.??"]
[Round "?"]
[White "Brause"]
[Black "XMEN"]
[Result "1-0"]
[WhiteElo "2290"]
[BlackElo "1825"]
[PlyCount "42"]

1. e4 e5 2. Nf3 Nc6 3. Nc3 Nf6 4. Nxe5 Nxe5 5. d4 Ng6 6. e5 Ng8 7. Bc4 d6 8.
Qf3 Be6 9. Qxb7 Bxc4 10. Qc6+ Qd7 11. Qxa8+ Ke7 12. Qxa7 dxe5 13. Qc5+ Qd6 14.
Qxc4 exd4 15. Nd5+ Kd8 16. Qxd4 Nf6 17. Bg5 c6 18. Bxf6+ gxf6 19. Qxf6+ Qxf6
20. Nxf6 Bg7 21. O-O-O+ Kc7 1-0

[Event "?"]
[Site "ICS rated blitz match, 164.58"]
[Date "1997.??.??"]
[Round "?"]
[White "Brause"]
[Black "LightViolet"]
[Result "0-1"]
[WhiteElo "2290"]
[BlackElo "2550"]
[PlyCount "65"]

1. e4 e5 2. Nf3 Nc6 3. Nc3 Nf6 4. Nxe5 Nxe5 5. d4 Nc6 6. d5 Nb8 7. e5 Ng8 8. d6
Na6 9. Bxa6 bxa6 10. O-O Bb7 11. Bf4 Qh4 12. Qd2 Qg4 13. f3 Qe6 14. Rad1 Rc8
15. Qf2 Qc4 16. Rd4 Qc5 17. dxc7 Qa5 18. Na4 Bc6 19. b3 Ne7 20. Rc4 Ng6 21. Bd2
Qxc7 22. Re1 Be7 23. Nc3 Qb8 24. Be3 Rc7 25. Nd1 O-O 26. Rd4 Re8 27. c3 Nxe5
28. Bf4 Bf6 29. Qg3 Rb7 30. Rd2 d6 31. Rf1 Rd7 32. Bg5 Bxg5 33. Qxg5 0-1

[Event "?"]
[Site "ICS rated blitz match, 164.58"]
[Date "1997.??.??"]
[Round "?"]
[White "Brause"]
[Black "Valenkov"]
[Result "1-0"]
[WhiteElo "2300"]
[BlackElo "1975"]
[PlyCount "55"]

1. e4 e5 2. Nf3 Nc6 3. Nc3 Nf6 4. Nxe5 Nxe5 5. d4 Nc6 6. d5 Ne5 7. f4 Ng6 8. e5
Ng8 9. d6 cxd6 10. exd6 Qh4+ 11. g3 Qf6 12. Nb5 Kd8 13. Be3 Qxb2 14. Bd4 Qb4+
15. c3 Qa5 16. f5 Ne5 17. Bxe5 a6 18. Qh5 axb5 19. Qxf7 Nh6 20. Bf6+ gxf6 21.
Qxf6+ Ke8 22. Be2 Ng4 23. Bxg4 h5 24. Kf1 Qxc3 25. Qxc3 Rh6 26. Bxh5+ Rxh5 27.
Qf6 Rxf5+ 28. Qxf5 1-0